000 00896nam a2200265Ia 4500
003 OSt
005 20220918171406.0
006 a|||||r|||| 00| 0
007 ta
008 220917b |||||||| |||| 00| 0 eng d
020 _a9781607410720 (hbk)
_c2776.54
024 _a242,193
037 _b1558, 05/07/2010, Channel Publications
_cTextual
040 _aARTS
_cARTS
_beng
041 _2eng
_aeng
082 _aT:4,7.6133, P9(906)
100 _aKralovec Etta Ed.
_936291
245 0 _aIdentity in metamorphosis
_b Anthology of writings from Zimbabwe students
260 _aNew York
_bNova Science Publishers USA
_c2009
300 _axxiv,107p.
_ccm.
650 _aEDUCATION
700 _a Chitiyo Morgan Ed.
_936292
942 _hT:4,7.6133, P9(906)
_cTEXL
_2CC
999 _c139358
_d139358